000
00295pam a2200121 a 4500
020
_c
041
_a
eng
100
_a
Mathiessen.
245
_a
American Renasis Once Art & Experiance
_h
Textual Documents
260
_a
New Delhi
_b
Oxford University Press
_c
1971
300
_a
678p.
930
_a
15567
999
_c
92467
_d
92467